Word Chain - Percy Jackson #1 - Statistics

General Stats
  • This quiz has been taken 102 times
  • The average score is 10 of 15
Answer Stats
Hint Answer % Correct
Titan General Who Holds Up the Sky Atlas
91%
Auntie Em's True Identity Medusa
90%
Half-Blood Son of Hades Nico di Angelo
87%
King of the Gods and Father of Thalia Zeus
87%
Goddess of Victory Nike
77%
Flying War Ship Argo II
76%
Goddess of Revenge Nemesis
74%
Stuffed Animal Murderer Octavian
67%
Was the Spy in the Second Titan War Silena Beauregard
67%
Harpy Who Memorizes Everything Ella
65%
Leo's Grandfather and Friend of Hazel in Her First Life Sammy Valdez
65%
Horse Hazel Levesque Tamed Arion
56%
Giant Who Chased Reyna in the Blood of Olympus Orion
43%
Half-Blood Daughter of Hephaestus Nyssa
35%
Bandit Who Kicks People Off Cliff to Monster Turtle Sciron
30%
No matching quizzes found
Score Distribution
Percent of People with Each Score
Percentile by Number Answered
Your Score History
You have not taken this quiz